[Event "Copenhagen Chess Challenge GM 2024"]
[Site "Ballerup"]
[Date "2024.08.07"]
[Round "1.1"]
[Board "1"]
[White "Hector, Jonny"]
[Black "Hacker, Jonas"]
[Result "1/2-1/2"]
[WhiteElo "2438"]
[BlackElo "2380"]
[EventDate "2024.08.07"]
[EventType "tourn"]
[EventRounds "9"]
[EventCountry "DEN"]
[SourceTitle "Live v. Michael Andersen"]

1. e4 c5 2. Nf3 e6 3. d4 cxd4 4. Nxd4 Nc6 5. Nc3 Qc7 
6. Be3 a6 7. g4 b5 8. Nxc6 Qxc6 9. Qd2 b4 10. Ne2 Qxe4 
11. Rg1 Qc4 12. Nf4 Qc7 13. O-O-O Nf6 14. Nh5 Bb7 15. Bb6 Qc6 
16. Nxf6+ gxf6 17. f4 Qd5 18. Qxd5 Bxd5 19. Kb1 Bd6 20. Bg2 Bxg2 
21. Rxd6 Be4 22. Re1 Bf3 23. g5 fxg5 24. fxg5 h6 25. Rd3 Bh5 
26. Bd4 Rh7 27. gxh6 Rxh6 28. Rh3 f6 29. Re4 Kf7 30. Reh4 Rah8 
31. Be3 R6h7 32. Rd4 Ke7 33. Rxb4 Be2 34. Rg3 Kf7 35. a4 e5 
36. Rb7 Ke6 37. Bg1 d6 38. Rb6 Rh4 39. Re3 Rg8 40. Bf2 Rxh2 
41. Rxe2 Rgg2 42. Rd2 Rxf2 43. Rdxd6+ Kf7 44. Rxa6 Rf1+ 45. Ka2 Rxc2 
46. a5 Rc7 47. Rab6 e4 48. a6 e3 49. Rb7 Rfc1 50. Rd3 e2 
51. Re3 R1c6 52. Rxc7+ Rxc7 53. Rxe2 Ra7 54. b4 Rxa6+ 55. Kb3 Re6 
56. Rc2 f5 57. b5 Kf6 58. Kc4 f4 59. Rb2 Rb6 60. Kc5 Rb8 
61. Kc6 Ke5 62. Kc7 Rf8 63. b6 f3 64. b7 Ke4 65. Kd6 Rb8 
66. Kc7 Rf8 67. Kc6 Rb8 68. Rb4+ Ke3 69. Rb3+ 1/2-1/2

[Event "Copenhagen Chess Challenge GM 2024"]
[Site "Ballerup"]
[Date "2024.08.07"]
[Round "1.2"]
[Board "2"]
[White "Haubro, Martin"]
[Black "Jacobsen, Mikkel Manosri"]
[Result "1-0"]
[WhiteElo "2390"]
[BlackElo "2276"]
[EventDate "2024.08.07"]
[EventType "tourn"]
[EventRounds "9"]
[EventCountry "DEN"]
[SourceTitle "Live v. Michael Andersen"]

1. e4 c5 2. Nf3 Nc6 3. Bb5 Nf6 4. Nc3 g6 5. O-O Bg7 
6. e5 Ng4 7. Bxc6 dxc6 8. Re1 O-O 9. d3 Nh6 10. Ne4 b6 
11. a4 Bg4 12. Neg5 Qd5 13. h3 Bh5 14. Bf4 Rae8 15. c4 Bxf3 
16. Nxf3 Qd7 17. Qd2 Nf5 18. Re4 Rd8 19. Rd1 Qe6 20. Rde1 Qd7 
21. Rd1 Qe6 22. Ng5 Qc8 23. e6 f6 24. Nf7 Rxf7 25. exf7+ Kxf7 
26. Bh2 a5 27. Rde1 Rd7 28. Qe2 Qd8 29. f4 h5 30. Kh1 h4 
31. Rd1 Bf8 32. Qf3 Rd6 33. Ree1 Qd7 34. Bg1 Bh6 35. Bf2 Qc7 
36. Qg4 Rd7 37. Bxh4 Bxf4 38. Bf2 Bg3 39. Bxg3 Nxg3+ 40. Kg1 Qd6 
41. Qf3 Qd4+ 42. Kh2 Nf5 43. Qxc6 Rd6 44. Qf3 Qxb2 45. Re4 e5 
46. Rg4 Rd4 47. Rf1 Qd2 48. Qb7+ Ke6 49. Rxg6 Qxd3 50. Rf3 Qxc4 
51. Qc8+ Rd7 52. Rg4 Qd5 53. Qe8+ Re7 54. Qg8+ Rf7 55. Qg6 Nd4 
56. Rf2 c4 57. Rg3 Qc6 58. h4 c3 59. Qb1 c2 60. Qa2+ Ke7 
61. Qa3+ Qc5 62. Qc1 Ke6 63. Rd3 Rc7 64. Rfd2 Rc6 65. h5 Qc4 
66. h6 Nb3 67. Rxb3 Qxb3 68. h7 Rc8 69. Rf2 Qb1 70. Rxc2 Qxc1 
71. Rxc1 Rh8 72. Rc7 f5 73. Kg3 Kf6 74. Kf3 Kg6 75. g4 f4 
76. Re7 Rxh7 77. Rxe5 Rf7 78. Re6+ Kg5 79. Rxb6 Rc7 80. Rb5+ Kg6 
81. Rxa5 Rc4 82. Ra8 Kg5 83. Rg8+ Kf6 84. a5 Ra4 85. Rf8+ Kg6 
86. Rf5 Kg7 87. Rc5 Kf7 88. g5 Kg7 89. Kg4 Kf7 90. Rf5+ Kg7 
91. Rb5 Kf7 92. Rb7+ Kg8 93. Ra7 Kf8 94. a6 Kg8 95. Kf5 f3 
96. Kg6 Kf8 97. Ra8+ Ke7 98. Ra7+ Kf8 99. Ra8+ Ke7 100. Kg7 Rg4 
101. g6 f2 102. Ra7+ Ke6 103. Rf7 Ra4 104. Rxf2 Rxa6 105. Kh7 Ra1 
106. Rh2 Rg1 107. g7 Kf7 108. g8=Q+ 1-0

[Event "Copenhagen Chess Challenge GM 2024"]
[Site "Ballerup"]
[Date "2024.08.07"]
[Round "1.3"]
[Board "3"]
[White "Kistrup, Nicolai"]
[Black "Nielsen, Viktor Haarmark"]
[Result "1-0"]
[WhiteElo "2363"]
[BlackElo "2363"]
[EventDate "2024.08.07"]
[EventType "tourn"]
[EventRounds "9"]
[EventCountry "DEN"]
[SourceTitle "Live v. Michael Andersen"]

1. e4 e5 2. Nf3 Nc6 3. d4 exd4 4. Nxd4 Nf6 5. Nxc6 bxc6 
6. e5 Qe7 7. Qe2 Nd5 8. c4 Nb6 9. Nc3 Qe6 10. f4 Bb4 
11. Qc2 Nxc4 12. Qb3 Bxc3+ 13. Qxc3 Nb6 14. Bd3 Qe7 15. Bd2 Nd5 
16. Qd4 a5 17. O-O O-O 18. f5 f6 19. Rae1 Ba6 20. Bxa6 Rxa6 
21. e6 d6 22. Rf3 Qe8 23. Rh3 Ne7 24. Qg4 Rb6 25. Bh6 Nxf5 
26. e7 Rf7 27. Qxf5 gxh6 28. Rg3+ Kh8 29. Qc8 Qxc8 30. e8=Q+ Rf8 
31. Qe7 1-0

[Event "Copenhagen Chess Challenge GM 2024"]
[Site "Ballerup"]
[Date "2024.08.07"]
[Round "1.4"]
[Board "4"]
[White "Jogstad, Martin"]
[Black "Kunin, Vitaly"]
[Result "0-1"]
[WhiteElo "2383"]
[BlackElo "2523"]
[EventDate "2024.08.07"]
[EventType "tourn"]
[EventRounds "9"]
[EventCountry "DEN"]
[SourceTitle "Live v. Michael Andersen"]

1. d4 Nf6 2. c4 e6 3. g3 Bb4+ 4. Bd2 a5 5. Bg2 c5 
6. Nf3 Nc6 7. d5 exd5 8. cxd5 Nxd5 9. O-O Bxd2 10. Qxd2 Nc7 
11. Qd6 Ne6 12. Nc3 Qe7 13. Qd2 O-O 14. Rad1 Rb8 15. Nd5 Qd8 
16. Nh4 b5 17. f4 f6 18. f5 Ng5 19. Nf4 Nf7 20. Bd5 Ne7 
21. Nfg6 Nxd5 22. Nxf8 Bb7 23. Nxd7 Qxd7 24. e4 Rd8 25. exd5 Qc7 
26. Qf4 Qb6 27. Rfe1 Ne5 28. Qe4 c4+ 29. Qe3 Qd6 30. Ng2 Bc8 
31. Qe4 Qc5+ 32. Qe3 Qxe3+ 33. Nxe3 Nf3+ 34. Kf2 Nxe1 35. Rxe1 Kf7 
36. Kf3 Re8 37. Rd1 a4 38. Rd4 Bb7 39. Kf4 Rd8 40. a3 Ke7 
41. Re4+ Kd6 42. Re6+ Kc5 43. Re7 Bxd5 44. Rxg7 Bc6 45. Nc2 Re8 
46. g4 Re4+ 47. Kg3 Re2 48. Nb4 Rxb2 49. Rc7 Rxb4 50. axb4+ Kd6 
51. Rf7 c3 52. Rxf6+ Kd5 53. Re6 c2 54. Re1 Kc4 55. f6 Bd5 
56. g5 Kc3 57. h4 Bf7 58. Kg4 Kd2 59. Ra1 c1=Q 60. Rxc1 Kxc1 
61. h5 a3 62. g6 hxg6 63. h6 a2 64. h7 a1=Q 65. h8=Q Qd4+ 
66. Kf3 Bd5+ 67. Ke2 Qe4+ 68. Kf1 Qf4+ 69. Ke1 Bc4 70. Qh3 Qd2# 
0-1

[Event "Copenhagen Chess Challenge GM 2024"]
[Site "Ballerup"]
[Date "2024.08.07"]
[Round "1.5"]
[Board "5"]
[White "Vinther Schou, Uffe"]
[Black "Kjartansson, Gudmundur"]
[Result "0-1"]
[WhiteElo "2340"]
[BlackElo "2474"]
[EventDate "2024.08.07"]
[EventType "tourn"]
[EventRounds "9"]
[EventCountry "DEN"]
[SourceTitle "Live v. Michael Andersen"]

1. c4 e6 2. g3 d5 3. Bg2 Nf6 4. Nf3 Be7 5. O-O O-O 
6. b3 c5 7. cxd5 exd5 8. d4 Nc6 9. Bb2 Ne4 10. dxc5 Bxc5 
11. Ne1 Bg4 12. Nd3 Nd4 13. Re1 Bb6 14. Nd2 Rc8 15. h3 Bf5 
16. g4 Bg6 17. Rc1 Rxc1 18. Qxc1 h5 19. e3 Nc6 20. gxh5 Ba5 
21. Nxe4 Bxe4 22. Rd1 Bxg2 23. Kxg2 Qg5+ 24. Kh2 Qxh5 25. Rg1 Bc7+ 
26. f4 f6 27. Qf1 Kf7 28. Qg2 g6 29. Nc5 d4 30. Bxd4 Nxd4 
31. exd4 Bxf4+ 32. Kh1 Re8 33. Rf1 g5 34. Qxb7+ Kg6 35. Qf3 Re3 
36. Qxh5+ Kxh5 37. Rd1 Rxh3+ 38. Kg1 Rc3 39. Ne4 Rc2 40. Nxf6+ Kh4 
41. d5 Be3+ 42. Kf1 Rf2+ 43. Ke1 Rxf6 44. d6 Bb6 45. d7 Rf8 
46. Ke2 g4 47. Rh1+ Kg5 48. Rh7 Kf6 49. b4 g3 0-1

[Event "Copenhagen Chess Challenge GM 2024"]
[Site "Ballerup"]
[Date "2024.08.08"]
[Round "2.1"]
[Board "1"]
[White "Hacker, Jonas"]
[Black "Kjartansson, Gudmundur"]
[Result "1/2-1/2"]
[WhiteElo "2380"]
[BlackElo "2474"]
[EventDate "2024.08.07"]
[EventType "tourn"]
[EventRounds "9"]
[EventCountry "DEN"]
[SourceTitle "Live v. Michael Andersen"]

1. d4 d5 2. c4 c6 3. Nc3 Nf6 4. e3 e6 5. Nf3 Nbd7 
6. Be2 dxc4 7. a4 Bb4 8. Bxc4 O-O 9. O-O b6 10. Qe2 c5 
11. d5 Bxc3 12. dxe6 Be5 13. exd7 Nxd7 14. Bd5 Rb8 15. e4 Bc7 
16. Bg5 Qe8 17. Bh4 h6 18. Rad1 Ne5 19. Nxe5 Bxe5 20. b3 Bb7 
21. Bg3 Bxg3 22. hxg3 Qe7 23. Rfe1 Rfd8 24. Bxb7 Rxb7 25. Rxd8+ Qxd8 
26. e5 Rd7 27. e6 fxe6 28. Qxe6+ Kh8 29. Kh2 Rd1 30. Re5 Qd3 
31. Re4 Qd6 32. Qf5 Qc6 33. Re6 Qa8 34. Qf7 Rd8 35. Re7 Rg8 
36. Rxa7 Qf8 37. f3 Qxf7 38. Rxf7 Rd8 39. Rb7 Rd6 40. g4 Kh7 
41. Kg3 Kg6 42. Kf2 Re6 43. Rd7 Kf6 44. Rd3 b5 45. axb5 Rb6 
46. Rc3 Rxb5 47. Ke3 Ke5 48. f4+ Kd5 49. Rd3+ Ke6 50. Rc3 Kd5 
51. Rd3+ Ke6 52. Kd2 Rb4 53. g3 c4 54. bxc4 Rxc4 55. Ke3 Ra4 
56. Rb3 Kf6 57. Kf3 Rc4 58. Rb6+ Kf7 59. Rb3 Ra4 60. Kg2 Ra2+ 
61. Kh3 Ra5 62. Rb6 Rc5 63. Kh4 Ra5 64. Rb7+ Kf6 65. g5+ hxg5+ 
66. fxg5+ Kg6 67. Rb6+ Kf7 68. Kh5 Ra7 69. Rc6 Rb7 70. Ra6 Rc7 
71. Ra8 Rb7 72. Rc8 Ra7 73. Rb8 Rc7 74. g4 Ra7 75. g6+ Ke7 
76. Rb5 Kf6 77. Rf5+ Ke6 78. Rf8 Ra5+ 79. Kh4 Ra7 80. Rf2 Rb7 
81. Ra2 Rb6 82. Kh5 Rb5+ 83. g5 Rb1 84. Ra7 Rh1+ 85. Kg4 Rg1+ 
86. Kf4 Rf1+ 87. Ke3 Re1+ 88. Kf2 1/2-1/2

[Event "Copenhagen Chess Challenge GM 2024"]
[Site "Ballerup"]
[Date "2024.08.08"]
[Round "2.2"]
[Board "2"]
[White "Kunin, Vitaly"]
[Black "Vinther Schou, Uffe"]
[Result "1-0"]
[WhiteElo "2523"]
[BlackElo "2340"]
[EventDate "2024.08.07"]
[EventType "tourn"]
[EventRounds "9"]
[EventCountry "DEN"]
[SourceTitle "Live v. Michael Andersen"]

1. d4 Nf6 2. c4 e6 3. Nf3 c5 4. d5 exd5 5. cxd5 d6 
6. Nc3 g6 7. Bf4 a6 8. a4 Qe7 9. h3 Nbd7 10. e3 Bg7 
11. Be2 O-O 12. O-O Rb8 13. Bh2 Ne8 14. Nd2 Ne5 15. Re1 Nc7 
16. a5 b5 17. axb6 Rxb6 18. Qc2 Rb4 19. Kh1 f5 20. f4 Nf7 
21. Bd3 Nb5 22. Nc4 Nxc3 23. bxc3 Rb8 24. e4 fxe4 25. Bxe4 Qf6 
26. Rac1 Bd7 27. g4 Bb5 28. Ne3 Rfe8 29. Ng2 Bc4 30. g5 Qd8 
31. Ne3 Bb3 32. Qg2 a5 33. h4 Rb7 34. Ng4 Kh8 35. f5 gxf5 
36. Bxf5 Rxe1+ 37. Rxe1 Bxc3 38. Be6 a4 39. Nh6 Nxh6 40. gxh6 Rb8 
41. Rg1 Qf8 42. Bxd6 1-0

[Event "Copenhagen Chess Challenge GM 2024"]
[Site "Ballerup"]
[Date "2024.08.08"]
[Round "2.3"]
[Board "3"]
[White "Nielsen, Viktor Haarmark"]
[Black "Jogstad, Martin"]
[Result "0-1"]
[WhiteElo "2363"]
[BlackElo "2383"]
[EventDate "2024.08.07"]
[EventType "tourn"]
[EventRounds "9"]
[EventCountry "DEN"]
[SourceTitle "Live v. Michael Andersen"]

1. c4 c6 2. Nf3 d5 3. d4 Nf6 4. e3 Bg4 5. Qb3 Qb6 
6. Ne5 Bh5 7. cxd5 Qxb3 8. axb3 Nxd5 9. Bd2 Nd7 10. Nd3 Bg6 
11. f3 Bxd3 12. Bxd3 e5 13. dxe5 Nxe5 14. Be4 Bc5 15. Ke2 Nf6 
16. Bc2 O-O-O 17. Nc3 Rhe8 18. Rhd1 Kb8 19. Be1 Rxd1 20. Rxd1 a6 
21. Bf2 Ng6 22. g3 Ne7 23. e4 Bxf2 24. Kxf2 Kc7 25. b4 Ng6 
26. Bb3 Re7 27. h3 Nf8 28. Bc2 g5 29. f4 gxf4 30. gxf4 Ng6 
31. Kf3 Nh5 32. Ne2 f6 33. Kg4 Ng7 34. Ng3 Rd7 35. h4 Ne6 
36. Rxd7+ Kxd7 37. e5 Ngxf4 38. exf6 Nd5 39. Nh5 Ne3+ 0-1

[Event "Copenhagen Chess Challenge GM 2024"]
[Site "Ballerup"]
[Date "2024.08.08"]
[Round "2.4"]
[Board "4"]
[White "Jacobsen, Mikkel Manosri"]
[Black "Kistrup, Nicolai"]
[Result "0-1"]
[WhiteElo "2276"]
[BlackElo "2363"]
[EventDate "2024.08.07"]
[EventType "tourn"]
[EventRounds "9"]
[EventCountry "DEN"]
[SourceTitle "Live v. Michael Andersen"]

1. c3 Nf6 2. d4 b6 3. Nf3 Bb7 4. Bf4 c5 5. e3 Nh5 
6. Bxb8 Qxb8 7. Nbd2 e6 8. Bd3 Be7 9. Qe2 Qc7 10. Ba6 Bxa6 
11. Qxa6 O-O 12. a4 d5 13. O-O Bd6 14. g3 Nf6 15. Rfd1 c4 
16. e4 dxe4 17. Ng5 e3 18. fxe3 Bxg3 19. Ngf3 Ng4 20. Nf1 Bd6 
21. h3 Nf6 22. N3d2 Rfc8 23. e4 e5 24. dxe5 Bc5+ 25. Kh1 Qxe5 
26. Qxc4 Qh5 27. Nh2 Qxh3 28. e5 Bg1 29. Qe2 Bxh2 30. Qxh2 Qxh2+ 
31. Kxh2 Ng4+ 32. Kg3 Nxe5 33. Ne4 Rd8 34. a5 Rxd1 35. Rxd1 bxa5 
36. Rd5 f6 37. Rxa5 Nc4 38. Ra2 a5 39. b3 Nb6 40. Nd6 Kf8 
41. c4 Ke7 42. c5 Nd5 43. Nc4 Nc3 44. Rc2 Ne4+ 45. Kf3 Nxc5 
46. Nb6 Rb8 47. Rxc5 Rxb6 48. Rxa5 Rxb3+ 0-1

[Event "Copenhagen Chess Challenge GM 2024"]
[Site "Ballerup"]
[Date "2024.08.08"]
[Round "2.5"]
[Board "5"]
[White "Hector, Jonny"]
[Black "Haubro, Martin"]
[Result "1-0"]
[WhiteElo "2438"]
[BlackElo "2390"]
[EventDate "2024.08.07"]
[EventType "tourn"]
[EventRounds "9"]
[EventCountry "DEN"]
[SourceTitle "Live v. Michael Andersen"]

1. e4 c5 2. Nf3 Nc6 3. d4 cxd4 4. Nxd4 g6 5. Nc3 Bg7 
6. Nb3 Nf6 7. Be2 d6 8. O-O O-O 9. Re1 Bd7 10. Bg5 a5 
11. a4 Nb4 12. Qd2 Rc8 13. f3 Bc6 14. Be3 b6 15. Nd4 Ba8 
16. Rad1 Nd7 17. Bh6 Bxh6 18. Qxh6 Rc5 19. Rd2 Qc8 20. Qe3 Qb8 
21. Bb5 Ne5 22. Qe2 Rfc8 23. Nd1 R5c7 24. Ne3 Nbc6 25. c3 Nxd4 
26. cxd4 Nd7 27. d5 Nf6 28. Bc4 Rc5 29. b3 Bb7 30. Nc2 R8c7 
31. Nd4 Qf8 32. Nb5 Rc8 33. Nc3 Qh6 34. g3 R8c7 35. Rd4 Qg7 
36. e5 dxe5 37. Qxe5 Rd7 38. Red1 Qf8 39. g4 Rd8 40. g5 Ne8 
41. Ne4 Rcc8 42. Re1 Rc7 43. Rd3 Nd6 44. Qd4 Nxe4 45. fxe4 Rc5 
46. Rf1 Qg7 47. Qf2 Rf8 48. Rf3 Bc8 49. h4 Bg4 50. Rf4 Bd7 
51. e5 Qxe5 52. Rxf7 Bf5 53. Re1 Qxe1+ 54. Qxe1 Kxf7 55. Qe5 Rcc8 
56. d6+ e6 57. d7 Rcd8 58. h5 Ke7 59. Bb5 gxh5 60. Qg7+ Rf7 
61. Qd4 Rg8 62. Qxb6 Rff8 63. d8=Q+ 1-0

[Event "Copenhagen Chess Challenge GM 2024"]
[Site "Ballerup"]
[Date "2024.08.08"]
[Round "3.1"]
[Board "1"]
[White "Kjartansson, Gudmundur"]
[Black "Kunin, Vitaly"]
[Result "1/2-1/2"]
[WhiteElo "2474"]
[BlackElo "2523"]
[EventDate "2024.08.07"]
[EventType "tourn"]
[EventRounds "9"]
[EventCountry "DEN"]
[SourceTitle "Live v. Michael Andersen"]

1. e4 d6 2. d4 Nf6 3. Nc3 e5 4. Nf3 Nbd7 5. Rg1 g6 
6. Be3 Bg7 7. g4 c6 8. dxe5 dxe5 9. Qd2 O-O 10. O-O-O Qc7 
11. Qd6 Qxd6 12. Rxd6 Ne8 13. Rd1 Nc7 14. Nd2 Ne6 15. Nc4 Nd4 
16. Ne2 Nf6 17. Nxe5 Nxe2+ 18. Bxe2 Nxe4 19. f4 Be6 20. Bd3 Nf6 
21. c4 Rfe8 22. h3 Nd7 23. Nxd7 Bxd7 24. Rge1 Re7 25. Bf2 Rxe1 
26. Bxe1 Re8 27. Bf2 b6 28. b3 Bc8 29. Re1 Rxe1+ 30. Bxe1 f5 
31. Be2 c5 32. Bf3 Kf7 33. Kc2 Bd4 34. Kd3 Be6 35. g5 Bg7 
36. h4 h5 37. Bc3 Bxc3 38. Kxc3 Ke7 39. Bb7 Kd6 40. Ba6 Bd7 
41. a4 Bc6 42. Kb2 Kc7 43. Ka3 Bb7 44. Bb5 Kd8 45. a5 a6 
46. Ba4 bxa5 47. Kb2 Ke7 48. Ka3 Be4 49. Kb2 Kd8 50. Ka3 Bh1 
51. Kb2 Bb7 52. Ka3 Ba8 1/2-1/2

[Event "Copenhagen Chess Challenge GM 2024"]
[Site "Ballerup"]
[Date "2024.08.08"]
[Round "3.2"]
[Board "2"]
[White "Kistrup, Nicolai"]
[Black "Hector, Jonny"]
[Result "1-0"]
[WhiteElo "2363"]
[BlackElo "2438"]
[EventDate "2024.08.07"]
[EventType "tourn"]
[EventRounds "9"]
[EventCountry "DEN"]
[SourceTitle "Live v. Michael Andersen"]

1. d4 d5 2. c4 c6 3. cxd5 cxd5 4. Bf4 Nf6 5. Nc3 Nc6 
6. e3 a6 7. Be2 Bf5 8. Nf3 Rc8 9. Ne5 h5 10. Qb3 b5 
11. Nxc6 Rxc6 12. O-O b4 13. Qxb4 e5 14. Qa4 Bd7 15. dxe5 Rxc3 
16. Qd4 Bc5 17. Qxc3 Ne4 18. Qc2 g5 19. e6 Bxe6 20. Be5 f6 
21. Bd4 Bxd4 22. Qa4+ Kf7 23. Qxd4 h4 24. h3 g4 25. Bxg4 Bxg4 
26. hxg4 Qd6 27. Rfd1 Ke6 28. Rac1 h3 29. Qxe4+ dxe4 30. Rxd6+ Kxd6 
31. gxh3 Rxh3 32. Rc4 Kd5 33. Rd4+ Ke5 34. Kg2 Rh4 35. Kg3 Rh1 
36. Ra4 Rg1+ 37. Kh3 Rb1 38. Ra5+ Ke6 39. Rxa6+ Kf7 40. Rb6 Kg6 
41. Kg3 Rg1+ 42. Kf4 Rg2 43. a4 Rxf2+ 44. Kxe4 Kg5 45. a5 Kxg4 
46. a6 Rf1 47. Rb3 1-0

[Event "Copenhagen Chess Challenge GM 2024"]
[Site "Ballerup"]
[Date "2024.08.08"]
[Round "3.3"]
[Board "3"]
[White "Haubro, Martin"]
[Black "Hacker, Jonas"]
[Result "0-1"]
[WhiteElo "2390"]
[BlackElo "2380"]
[EventDate "2024.08.07"]
[EventType "tourn"]
[EventRounds "9"]
[EventCountry "DEN"]
[SourceTitle "Live v. Michael Andersen"]

1. e4 c6 2. d4 d5 3. e5 c5 4. Nf3 cxd4 5. Qxd4 Nc6 
6. Qf4 g6 7. Nc3 Bg7 8. Bb5 a6 9. Bxc6+ bxc6 10. Be3 Nh6 
11. O-O O-O 12. Rfe1 Rb8 13. Na4 Nf5 14. Bc5 Bh6 15. Qg4 Ne3 
16. Qh4 Nf5 17. Qh3 Bg7 18. g4 Nh6 19. Qh4 Bxg4 20. Nd4 Rb7 
21. b3 Qc7 22. c3 Bc8 23. f4 Nf5 24. Qf2 Nxd4 25. cxd4 Bf5 
26. Ba3 Rb5 27. Rac1 Rc8 28. Nc3 Qd7 29. Nxb5 axb5 30. Bc5 Be4 
31. a4 h5 32. axb5 cxb5 33. Ra1 Rc7 34. Ra5 Kh7 35. Qh4 Bh6 
36. Rf1 Rb7 37. Rf2 Qf5 38. b4 Kg7 39. Ra8 f6 40. Ra6 fxe5 
41. dxe5 d4 42. Bxe7 Kh7 43. Bc5 Bd5 44. Re2 Bxf4 45. Rf6 Qd3 
46. Qe1 Qf3 47. Qf1 Be3+ 48. Rxe3 Qxe3+ 49. Qf2 Qc1+ 50. Qf1 Qe3+ 
51. Qf2 Qc1+ 52. Qf1 Qg5+ 53. Kf2 Qe3# 0-1

[Event "Copenhagen Chess Challenge GM 2024"]
[Site "Ballerup"]
[Date "2024.08.08"]
[Round "3.4"]
[Board "4"]
[White "Vinther Schou, Uffe"]
[Black "Nielsen, Viktor Haarmark"]
[Result "1/2-1/2"]
[WhiteElo "2340"]
[BlackElo "2363"]
[EventDate "2024.08.07"]
[EventType "tourn"]
[EventRounds "9"]
[EventCountry "DEN"]
[SourceTitle "Live v. Michael Andersen"]

1. c4 e6 2. g3 d5 3. Bg2 Nf6 4. Nf3 Be7 5. O-O O-O 
6. b3 c5 7. cxd5 Nxd5 8. Bb2 Nc6 9. Nc3 Nxc3 10. Bxc3 Bd7 
11. d3 Rc8 12. Rc1 b6 13. Qd2 Bf6 14. Qb2 Bxc3 15. Qxc3 Qe7 
16. Ne5 Nxe5 17. Qxe5 Bc6 18. Bxc6 Rxc6 19. d4 Rfc8 20. dxc5 Rxc5 
21. Rxc5 Qxc5 22. Qxc5 Rxc5 23. Rd1 g5 1/2-1/2

[Event "Copenhagen Chess Challenge GM 2024"]
[Site "Ballerup"]
[Date "2024.08.08"]
[Round "3.5"]
[Board "5"]
[White "Jogstad, Martin"]
[Black "Jacobsen, Mikkel Manosri"]
[Result "1-0"]
[WhiteElo "2383"]
[BlackElo "2276"]
[EventDate "2024.08.07"]
[EventType "tourn"]
[EventRounds "9"]
[EventCountry "DEN"]
[SourceTitle "Live v. Michael Andersen"]

1. d4 d5 2. c4 e6 3. Nf3 a6 4. Nbd2 Nf6 5. g3 Be7 
6. Bg2 O-O 7. O-O b6 8. Qc2 Bb7 9. b3 Nbd7 10. Bb2 c5 
11. Rac1 b5 12. Rfd1 dxc4 13. bxc4 cxd4 14. Bxd4 Qb8 15. Qb2 Rc8 
16. Rc2 b4 17. Rdc1 a5 18. c5 Ra6 19. a3 bxa3 20. Qxa3 Qa8 
21. Qa1 e5 22. Bxe5 Nxe5 23. Qxe5 Re6 24. Qb2 Rc7 25. Nb3 Bd5 
26. Nbd4 Ra6 27. Nb5 Rc8 28. Qe5 Re6 29. Qa1 Ra6 30. Bh3 Ne4 
31. Bxc8 Bf6 32. Bxa6 Bxa1 33. Rxa1 Bb3 34. c6 Bxc2 35. Bb7 Qf8 
36. c7 1-0

[Event "Copenhagen Chess Challenge GM 2024"]
[Site "Ballerup"]
[Date "2024.08.09"]
[Round "4.1"]
[Board "1"]
[White "Haubro, Martin"]
[Black "Kistrup, Nicolai"]
[Result "0-1"]
[WhiteElo "2390"]
[BlackElo "2363"]
[EventDate "2024.08.07"]
[EventType "tourn"]
[EventRounds "9"]
[EventCountry "DEN"]
[SourceTitle "Live v. Michael Andersen"]

1. e4 c5 2. Nf3 d6 3. d4 cxd4 4. Nxd4 Nf6 5. Nc3 Nc6 
6. Bg5 e6 7. Qd2 a6 8. O-O-O Bd7 9. f3 Nxd4 10. Qxd4 Be7 
11. g4 h5 12. gxh5 Nxh5 13. Bxe7 Qxe7 14. Rg1 Bc6 15. Qxd6 Qxd6 
16. Rxd6 Ke7 17. Rd2 b5 18. a3 Rab8 19. Rg5 Rb6 20. Ne2 g6 
21. Nd4 Bd7 22. Rc5 Rc8 23. b4 Rxc5 24. bxc5 Rb8 25. Nb3 Rc8 
26. Rd6 a5 27. Rb6 a4 28. Nd4 Rxc5 29. Rb7 Kd6 30. Bxb5 Bc8 
31. Rb6+ Ke5 32. Ne2 Nf4 33. Kd2 Nxe2 34. Bxe2 Kf4 35. Rb4 Bd7 
36. Rb7 Be8 37. Rb8 Bd7 38. c4 Rc6 39. Rd8 Rc7 40. Kc3 Ke3 
41. Bd1 f5 42. exf5 gxf5 43. h4 Bc6 44. Rd3+ Kf4 45. Kb4 e5 
46. Rd8 Bxf3 47. c5 Bxd1 48. Rxd1 e4 49. Kb5 e3 50. c6 e2 
51. Re1 Ke3 52. Kb6 Rh7 53. c7 Rh8 54. Kb7 f4 0-1

[Event "Copenhagen Chess Challenge GM 2024"]
[Site "Ballerup"]
[Date "2024.08.09"]
[Round "4.2"]
[Board "2"]
[White "Jacobsen, Mikkel Manosri"]
[Black "Vinther Schou, Uffe"]
[Result "1-0"]
[WhiteElo "2276"]
[BlackElo "2340"]
[EventDate "2024.08.07"]
[EventType "tourn"]
[EventRounds "9"]
[EventCountry "DEN"]
[SourceTitle "Live v. Michael Andersen"]

1. c4 c5 2. g3 g6 3. Bg2 Bg7 4. Nc3 Nc6 5. a3 d6 
6. Rb1 a5 7. d3 e6 8. Nf3 Nge7 9. h4 h6 10. Bd2 b6 
11. Qc1 Bb7 12. O-O Qd7 13. Re1 Nf5 14. b3 Ncd4 15. Nxd4 Nxd4 
16. Ne4 Ke7 17. e3 Nc6 18. Bc3 e5 19. b4 axb4 20. axb4 f5 
21. bxc5 bxc5 22. Nxd6 Kxd6 23. d4 Ke7 24. dxe5 Nb4 25. e6 Kxe6 
26. Rd1 Qc7 27. Bd5+ Bxd5 28. cxd5+ Nxd5 29. Bxg7 Qxg7 30. Qxc5 Rhd8 
31. Rxd5 Ra1 32. Rxd8 Rxb1+ 33. Kh2 Qe7 34. Qd5+ Kf6 35. Rd6+ 1-0

[Event "Copenhagen Chess Challenge GM 2024"]
[Site "Ballerup"]
[Date "2024.08.09"]
[Round "4.3"]
[Board "3"]
[White "Hector, Jonny"]
[Black "Jogstad, Martin"]
[Result "1-0"]
[WhiteElo "2438"]
[BlackElo "2383"]
[EventDate "2024.08.07"]
[EventType "tourn"]
[EventRounds "9"]
[EventCountry "DEN"]
[SourceTitle "Live v. Michael Andersen"]

1. e4 c6 2. Nc3 d5 3. Nf3 dxe4 4. Nxe4 Nf6 5. Qe2 Nxe4 
6. Qxe4 Nd7 7. Bc4 Nf6 8. Ne5 e6 9. Qe2 b5 10. Bd3 Qc7 
11. b3 Nd5 12. Bb2 Bd6 13. a4 O-O 14. O-O Nf4 15. Qe3 Nxd3 
16. Nxd3 a5 17. f4 Rd8 18. Rf3 Bf8 19. Kh1 b4 20. Ne5 c5 
21. Rg3 Bb7 22. d3 Kh8 23. Rf1 Ra6 24. f5 exf5 25. Rxf5 f6 
26. Ng4 Qf7 27. Qf2 Rdd6 28. Rh3 Kg8 29. Rfh5 Qg6 30. Nh6+ Kh8 
31. Nf7+ Kg8 32. Nxd6 Rxd6 33. Rxh7 Re6 34. Rh8+ Kf7 35. Rg3 Qf5 
36. Kg1 Qd5 37. h4 Bd6 38. Rg5 Qc6 39. Qf5 Bf8 40. Qg6+ Ke7 
41. Qxg7+ 1-0

[Event "Copenhagen Chess Challenge GM 2024"]
[Site "Ballerup"]
[Date "2024.08.09"]
[Round "4.4"]
[Board "4"]
[White "Nielsen, Viktor Haarmark"]
[Black "Kjartansson, Gudmundur"]
[Result "1/2-1/2"]
[WhiteElo "2363"]
[BlackElo "2474"]
[EventDate "2024.08.07"]
[EventType "tourn"]
[EventRounds "9"]
[EventCountry "DEN"]
[SourceTitle "Live v. Michael Andersen"]

1. d4 Nf6 2. c4 e6 3. Nf3 d5 4. g3 Be7 5. Bg2 O-O 
6. O-O dxc4 7. Ne5 Nc6 8. Nxc6 bxc6 9. Na3 Bxa3 10. bxa3 Ba6 
11. Bxc6 Rb8 12. Re1 Rb6 13. Bg2 Qe7 14. Qa4 Nd5 15. e4 Nc3 
16. Qc2 Nb5 17. Qxc4 Rd8 18. Qc5 Qxc5 19. dxc5 Rc6 20. Be3 e5 
21. Red1 Nd4 22. Bxd4 Rxd4 23. Rxd4 exd4 24. Rc1 Be2 25. Bf1 d3 
26. Rc3 g5 27. f4 gxf4 28. gxf4 Rg6+ 29. Kf2 Bxf1 30. Kxf1 Rg4 
31. Kf2 Rxf4+ 32. Ke3 Rh4 33. Kxd3 c6 34. Rc2 Kg7 35. Rf2 h5 
36. a4 a5 37. e5 Rh3+ 38. Kd4 Rh4+ 39. Kd3 Rh3+ 40. Ke4 h4 
41. Kf5 Rc3 42. Rg2+ Kf8 43. Rg4 h3 44. Rh4 Ke7 45. Rh6 Rxc5 
46. Rxh3 Rc2 47. Rh6 Rf2+ 48. Ke4 Rxa2 49. Rxc6 Rxh2 50. Rc7+ Ke6 
51. Rc6+ Kd7 52. Ra6 Rh4+ 53. Kd5 Rxa4 54. Ra7+ Ke8 55. e6 fxe6+ 
56. Kxe6 Kd8 57. Kd6 Kc8 58. Kc6 Kb8 59. Ra6 Ra1 60. Kb5 Kb7 
61. Rxa5 Rxa5+ 62. Kxa5 1/2-1/2

[Event "Copenhagen Chess Challenge GM 2024"]
[Site "Ballerup"]
[Date "2024.08.09"]
[Round "4.5"]
[Board "5"]
[White "Hacker, Jonas"]
[Black "Kunin, Vitaly"]
[Result "0-1"]
[WhiteElo "2380"]
[BlackElo "2523"]
[EventDate "2024.08.07"]
[EventType "tourn"]
[EventRounds "9"]
[EventCountry "DEN"]
[SourceTitle "Live v. Michael Andersen"]

1. d4 Nf6 2. c4 e6 3. Nf3 b6 4. g3 Bb4+ 5. Bd2 Be7 
6. Nc3 Ba6 7. e4 O-O 8. Qc2 d5 9. e5 Ne8 10. cxd5 Bxf1 
11. Kxf1 exd5 12. Kg2 c6 13. h4 f6 14. exf6 Nxf6 15. Ng5 Re8 
16. Rae1 Nbd7 17. Ne2 Qc8 18. Nf4 Nf8 19. Nfe6 Qd7 20. Nxf8 Bxf8 
21. Bf4 g6 22. Be5 Nh5 23. f3 Bd6 24. Re2 Bxe5 25. dxe5 Ng7 
26. Rd1 Re7 27. Ne4 Nh5 28. Nd6 Rf8 29. Qd3 Re6 30. Rde1 Qe7 
31. b4 Qxh4 32. f4 Nxf4+ 33. gxf4 Rxf4 34. Qh3 Qg5+ 0-1